[Event "Junior Online 4NCL Division 4"]
[Site "online"]
[Date "2021.09.30"]
[EventDate "2021.09.30"]
[Round "4.22"]
[White "Innani, Nipun"]
[WhiteElo "1000"]
[WhiteTeam "KEGS B"]
[Black "Srinivasan, Raghav"]
[BlackElo "1271"]
[BlackTeam "Chess Challengers B"]
[Result "0-1"]
[PlyCount "42"]

1. e4 d5 2. exd5 Qxd5 3. Nc3 Qd8 4. d4 Nf6 5. Nf3 Bf5 6. Bc4 Nc6 7. Ng5 e6 8. d5 Nb4 9. dxe6 Nxc2+ 10. Ke2 Qxd1+ 11. Rxd1 Nxa1 12. Nxf7 Rg8 13. Nb5 Rc8 14. Nxc7+ Rxc7 15. Bb5+ Ke7 16. Bg5 Bxe6 17. Bf4 Rc2+ 18. Kf1 Kxf7 19. Rxa1 Bc5 20. Bg3 Rxb2 21. Rc1 Rxb5 0-1

[Event "Junior Online 4NCL Division 4"]
[Site "online"]
[Date "2021.09.30"]
[EventDate "2021.09.30"]
[Round "4.23"]
[White "Sridharan, Rithvik"]
[WhiteElo "1316"]
[WhiteTeam "Chess Challengers B"]
[Black "Owen, Joshua"]
[BlackElo "1021"]
[BlackTeam "KEGS B"]
[Result "1-0"]
[PlyCount "159"]

1. e4 e5 2. Nf3 Nc6 3. Nc3 Nf6 4. Bb5 Bc5 5. Nxe5 Nxe5 6. d4 Bxd4 7. Qxd4 Nc6 8. Bxc6 bxc6 9. Qe5+ Qe7 10. Qxe7+ Kxe7 11. Bg5 Re8 12. O-O Kf8 13. Rfe1 Ng4 14. h3 Ne5 15. f4 Nc4 16. b3 f6 17. Bxf6 gxf6 18. bxc4 Ba6 19. c5 d5 20. cxd6 cxd6 21. Rad1 Rad8 22. e5 fxe5 23. fxe5 dxe5 24. Rxd8 Rxd8 25. Rxe5 Rd2 26. Rf5+ Kg7 27. Rf2 Rd4 28. Kh2 Rc4 29. Rf3 Bb7 30. Rg3+ Kh8 31. Kg1 Bc8 32. Kf1 Bf5 33. Ne2 Rxc2 34. Ra3 c5 35. Ke1 c4 36. Rxa7 Bd3 37. Nf4 Rc1+ 38. Kd2 Rf1 39. Nxd3 cxd3 40. Kxd3 Rh1 41. Ke3 Rh2 42. Kf3 Rh1 43. a4 Rd1 44. a5 Rd8 45. a6 Rf8+ 46. Kg3 Rg8+ 47. Kh2 Rg6 48. Ra8+ Kg7 49. a7 Ra6 50. Kg3 Kf7 51. Kf4 Ke7 52. Kg5 Kd7 53. Rh8 Kc7 54. Rxh7+ Kc8 55. h4 Ra5+ 56. Kg6 Ra6+ 57. Kg5 Ra5+ 58. Kg4 Ra4+ 59. Kh3 Ra3+ 60. g3 Ra2 61. Rh8+ Kb7 62. a8=Q+ Rxa8 63. Rxa8 Kxa8 64. h5 Kb8 65. h6 Kc8 66. h7 Kd7 67. h8=Q Ke7 68. Qh5 Kf6 69. Qf3+ Ke5 70. g4 Ke6 71. g5 Ke5 72. g6 Ke6 73. g7 Ke5 74. g8=Q Kd6 75. Qe8 Kc7 76. Qd3 Kb7 77. Qeb5+ Kc7 78. Qbc4+ Kb6 79. Qdb3+ Ka5 80. Qca4# 1-0

[Event "Junior Online 4NCL Division 4"]
[Site "online"]
[Date "2021.09.30"]
[EventDate "2021.09.30"]
[Round "4.24"]
[White "Gould, Charlie"]
[WhiteElo "969"]
[WhiteTeam "KEGS B"]
[Black "Sharavana, Harshith"]
[BlackElo "1236"]
[BlackTeam "Chess Challengers B"]
[Result "0-1"]
[PlyCount "156"]

1. e4 e5 2. Nf3 Nf6 3. Nc3 Nc6 4. Bc4 Bc5 5. d3 h6 6. h3 O-O 7. O-O d6 8. Be3 Bb6 9. Bxb6 axb6 10. Nd5 Nxd5 11. exd5 Nd4 12. Nxd4 exd4 13. Qf3 Qg5 14. a4 c5 15. dxc6 bxc6 16. Rfe1 d5 17. Bb3 c5 18. Bxd5 Ra7 19. a5 bxa5 20. c3 dxc3 21. bxc3 Ra6 22. Re8 Ra7 23. Rxf8+ Kxf8 24. Rxa5 Rd7 25. Ra7 Rxa7 26. d4 cxd4 27. cxd4 Ra1+ 28. Kh2 f6 29. Bb3 Ra3 30. d5 Ba6 31. Qc3 Bf1 32. Qb4+ Kf7 33. d6+ Rxb3 34. Qxb3+ Kg6 35. Qb1+ f5 36. Qxf1 Qd8 37. Qd3 Kf6 38. d7 Ke7 39. Qxf5 Qc7+ 40. Kg1 Qc1+ 41. Kh2 Qd2 42. h4 Qd6+ 43. Kg1 g6 44. Qe4+ Kxd7 45. Qa4+ Ke7 46. Qa7+ Kf6 47. Qa1+ Kf5 48. Qb1+ Kf6 49. Qb2+ Kf7 50. g4 Qd1+ 51. Kg2 Qxg4+ 52. Kf1 Qxh4 53. Qb7+ Qe7 54. Qf3+ Kg7 55. Qc3+ Kh7 56. Qd3 Qg7 57. f4 Qf7 58. Qf3 g5 59. f5 h5 60. f6 Kg6 61. Kg2 Qxf6 62. Kg3 Qxf3+ 63. Kxf3 g4+ 64. Kg3 Kg5 65. Kf2 Kf4 66. Kg2 h4 67. Kh2 h3 68. Kg1 Kg3 69. Kh1 Kf3 70. Kg1 g3 71. Kf1 h2 72. Ke1 h1=R+ 73. Kd2 g2 74. Kc2 g1=R 75. Kb2 Re1 76. Ka2 Re3 77. Kb2 Rh2+ 78. Ka1 Re1# 0-1

[Event "Junior Online 4NCL Division 4"]
[Site "online"]
[Date "2021.09.30"]
[EventDate "2021.09.30"]
[Round "4.25"]
[White "Badhrinath, Adhvaith B"]
[WhiteElo "1121"]
[WhiteTeam "KEGS B"]
[Black "Sajid, Saad"]
[BlackElo "1380"]
[BlackTeam "Chess Challengers B"]
[Result "1-0"]
[PlyCount "71"]

1. e4 e5 2. Nf3 Nc6 3. Bb5 a6 4. Ba4 Nf6 5. O-O Bc5 6. d3 d6 7. Bg5 h6 8. Bxf6 Qxf6 9. Nc3 Bg4 10. Re1 Bxf3 11. Qxf3 Qxf3 12. gxf3 O-O 13. Nd5 Nd4 14. Nxc7 Nxf3+ 15. Kg2 Nxe1+ 16. Rxe1 Rac8 17. Nd5 Kh8 18. Bd7 Rcd8 19. Bg4 b5 20. b4 Ba7 21. a4 h5 22. Bxh5 Rc8 23. axb5 Rxc2 24. b6 Bb8 25. Re2 Rc1 26. Ra2 Rcc8 27. Bg4 Rc6 28. Bd7 Rc1 29. Rxa6 Rd1 30. Ra8 Kg8 31. b7 Rxd3 32. Bc8 Bc7 33. Nxc7 Rb3 34. b8=Q Rb2 35. Bf5 Rxb8 36. Rxb8# 1-0

[Event "Junior Online 4NCL Division 4"]
[Site "online"]
[Date "2021.09.30"]
[EventDate "2021.09.30"]
[Round "4.26"]
[White "Srinivasan, Raghav"]
[WhiteElo "1271"]
[WhiteTeam "Chess Challengers B"]
[Black "Innani, Nipun"]
[BlackElo "1000"]
[BlackTeam "KEGS B"]
[Result "0-1"]
[PlyCount "24"]

1. e4 e5 2. Nf3 Nf6 3. Nxe5 Nc6 4. Nxc6 dxc6 5. Nc3 Bc5 6. Be2 h5 7. h3 Qd4 8. Rf1 Nxe4 9. Nxe4 Qxe4 10. f3 Qh4+ 11. g3 Qxg3+ 12. Rf2 Qxf2# 0-1

[Event "Junior Online 4NCL Division 4"]
[Site "online"]
[Date "2021.09.30"]
[EventDate "2021.09.30"]
[Round "4.27"]
[White "Owen, Joshua"]
[WhiteElo "1021"]
[WhiteTeam "KEGS B"]
[Black "Sridharan, Rithvik"]
[BlackElo "1316"]
[BlackTeam "Chess Challengers B"]
[Result "0-1"]
[PlyCount "94"]

1. e4 e5 2. Nf3 Nc6 3. Bc4 Bc5 4. O-O d6 5. h3 Nf6 6. Nc3 O-O 7. d3 Be6 8. Bb3 Na5 9. Bg5 Nxb3 10. axb3 h6 11. Bxf6 Qxf6 12. Nd5 Qd8 13. b4 c6 14. bxc5 cxd5 15. exd5 Bxd5 16. cxd6 Qxd6 17. Qe2 Rfe8 18. d4 exd4 19. Qb5 Bxf3 20. gxf3 Qg6+ 21. Kh1 Qe6 22. Rfe1 Qxh3+ 23. Kg1 Rxe1+ 24. Rxe1 Qxf3 25. Re8+ Rxe8 26. Qxe8+ Kh7 27. Qa4 Qg4+ 28. Kf1 Qh3+ 29. Ke2 Qh5+ 30. Kd3 Qf3+ 31. Kxd4 Qf4+ 32. Kd3 Qxa4 33. Kd2 Qb4+ 34. c3 Qxb2+ 35. Kd3 Qxf2 36. Kc4 Qe2+ 37. Kb3 b5 38. Kb4 Qc4+ 39. Ka3 Qxc3+ 40. Ka2 b4 41. Kb1 h5 42. Ka2 h4 43. Kb1 h3 44. Ka2 h2 45. Kb1 h1=Q+ 46. Ka2 Qg2+ 47. Kb1 Qe1# 0-1

[Event "Junior Online 4NCL Division 4"]
[Site "online"]
[Date "2021.09.30"]
[EventDate "2021.09.30"]
[Round "4.28"]
[White "Sharavana, Harshith"]
[WhiteElo "1236"]
[WhiteTeam "Chess Challengers B"]
[Black "Gould, Charlie"]
[BlackElo "969"]
[BlackTeam "KEGS B"]
[Result "1-0"]
[PlyCount "47"]

1. e4 e5 2. Nf3 Nc6 3. Bc4 Bc5 4. d3 Nf6 5. Nc3 O-O 6. Bg5 h6 7. Bh4 Nd4 8. Nxd4 Bxd4 9. Nd5 Bxb2 10. Nxf6+ gxf6 11. Qg4+ Kh7 12. Qf5+ Kh8 13. Bxf6+ Kg8 14. Bxd8 Rxd8 15. Qxf7+ Kh8 16. Rb1 Bc3+ 17. Kf1 d5 18. Bxd5 Bg4 19. Qf6+ Kh7 20. Rxb7 Rf8 21. Rxc7+ Bd7 22. Rxd7+ Rf7 23. Rxf7+ Kg8 24. Qg7# 1-0

[Event "Junior Online 4NCL Division 4"]
[Site "online"]
[Date "2021.09.30"]
[EventDate "2021.09.30"]
[Round "4.31"]
[White "Anandkumar, Govind"]
[WhiteElo "1217"]
[WhiteTeam "Young Dragons C"]
[Black "Adhikari, Aanya"]
[BlackElo "1140"]
[BlackTeam "Crowthorne Juniors"]
[Result "1-0"]
[PlyCount "87"]

1. e4 e5 2. Nf3 Nc6 3. Bc4 Nf6 4. d3 h6 5. O-O Bc5 6. Be3 Bxe3 7. fxe3 d5 8. exd5 Nxd5 9. e4 Ne3 10. Qe2 Nxf1 11. Qxf1 Qf6 12. Nc3 Bg4 13. Nd5 Qd6 14. Nh4 O-O-O 15. Nf5 Qc5+ 16. Kh1 Na5 17. b4 Qc6 18. Nfe7+ Kb8 19. Nxc6+ bxc6 20. bxa5 cxd5 21. Bxd5 f6 22. Rb1+ Kc8 23. h3 Bh5 24. Bc6 Rhf8 25. Rb7 Rd6 26. Bd5 c6 27. Qf5+ Kxb7 28. Bb3 Bf7 29. c4 Rxd3 30. Qf1 Rd6 31. c5 Rd4 32. a6+ Kc7 33. Qe1 Bxb3 34. axb3 Rfd8 35. Qa5+ Kd7 36. b4 Rb8 37. Qa1 Rbxb4 38. Qf1 Rxe4 39. Qf5+ Kc7 40. Qg6 Re1+ 41. Kh2 Ree4 42. Qxg7+ Kc8 43. Qxa7 Rb8 44. Qh7 1-0

[Event "Junior Online 4NCL Division 4"]
[Site "online"]
[Date "2021.09.30"]
[EventDate "2021.09.30"]
[Round "4.33"]
[White "Bagga, Khushi"]
[WhiteElo "1071"]
[WhiteTeam "Young Dragons C"]
[Black "Das, Arjit"]
[BlackElo "1090"]
[BlackTeam "Crowthorne Juniors"]
[Result "1-0"]
[PlyCount "85"]

1. e4 e5 2. Nf3 Nc6 3. Nc3 Bc5 4. Nxe5 Nxe5 5. d4 Bb4 6. dxe5 Bxc3+ 7. bxc3 Qe7 8. Bf4 g5 9. Bg3 f6 10. exf6 Qxe4+ 11. Be2 Nxf6 12. Bxc7 Qc6 13. Bh5+ Ke7 14. Qe2+ Qe6 15. Qxe6+ dxe6 16. Bf3 g4 17. Be2 Ne4 18. Be5 a5 19. Bxh8 Bd7 20. Be5 Rd8 21. Bxg4 Ba4 22. Rb1 Bxc2 23. Rxb7+ Rd7 24. Rxd7+ Kxd7 25. O-O Bd3 26. Rd1 Nc5 27. Be2 Ke7 28. Bxd3 Nd7 29. Bc7 Nf6 30. Bxa5 h6 31. Bb5 Ne4 32. c4 e5 33. Bb4+ Ke6 34. c5 Nf6 35. c6 Ne8 36. Ba5 e4 37. c7 e3 38. c8=Q+ Kf7 39. Qxe8+ Kf6 40. Bc3+ Kf5 41. Rd5+ Kf4 42. Qf7+ Ke4 43. Qf5# 1-0

[Event "Junior Online 4NCL Division 4"]
[Site "online"]
[Date "2021.09.30"]
[EventDate "2021.09.30"]
[Round "4.34"]
[White "De Silva, Dylan"]
[WhiteElo "962"]
[WhiteTeam "Crowthorne Juniors"]
[Black "Swartz, Edward RG"]
[BlackElo "1013"]
[BlackTeam "Young Dragons C"]
[Result "0-1"]
[PlyCount "84"]

1. e4 c5 2. Nc3 Nc6 3. Bc4 e6 4. Nf3 Nf6 5. e5 Ng4 6. O-O Ncxe5 7. Nxe5 Nxe5 8. Be2 d5 9. Bf3 Qf6 10. Be2 Bd6 11. Bb5+ Bd7 12. Bxd7+ Kxd7 13. d3 Qh4 14. g3 Qf6 15. d4 Nf3+ 16. Kg2 Nxd4 17. Kg1 Qg6 18. Be3 Nxc2 19. Rc1 Nxe3 20. fxe3 h5 21. Qf3 h4 22. Qxf7+ Qxf7 23. Rxf7+ Kc6 24. Rxg7 hxg3 25. Rxg3 Bxg3 26. hxg3 Rag8 27. Kg2 Rh5 28. Rf1 Rhg5 29. Ne2 Kd6 30. Rf7 R5g7 31. Rf4 b5 32. Rf3 c4 33. Nc3 a6 34. e4 d4 35. Nd1 d3 36. b3 Rh8 37. bxc4 bxc4 38. Nb2 Kc5 39. Nd1 Rgh7 40. Rf1 Rh2+ 41. Kf3 Rf8+ 42. Ke3 Rxf1 0-1

[Event "Junior Online 4NCL Division 4"]
[Site "online"]
[Date "2021.09.30"]
[EventDate "2021.09.30"]
[Round "4.35"]
[White "Adhikari, Aanya"]
[WhiteElo "1140"]
[WhiteTeam "Crowthorne Juniors"]
[Black "Anandkumar, Govind"]
[BlackElo "1217"]
[BlackTeam "Young Dragons C"]
[Result "0-1"]
[PlyCount "112"]

1. e4 e6 2. Nf3 d5 3. exd5 exd5 4. d4 Nc6 5. Nc3 Nf6 6. Bg5 h6 7. Be3 Bb4 8. a3 Bxc3+ 9. bxc3 O-O 10. Bb5 Ne4 11. Bd3 Nxc3 12. Qd2 Ne4 13. Bxe4 dxe4 14. Ne5 f5 15. Qc3 Qf6 16. Qc4+ Be6 17. Qc3 Nxe5 18. dxe5 Qf7 19. O-O Rad8 20. Bc5 Rfe8 21. Rad1 b6 22. Be3 c5 23. Rd2 Rf8 24. Rfd1 Rxd2 25. Rxd2 Qg6 26. Bf4 Qg4 27. Qg3 Qxg3 28. Bxg3 f4 29. Bh4 g5 30. Rd6 Bc4 31. Rg6+ Kh7 32. Rd6 gxh4 33. e6 Re8 34. Rd7+ Kg6 35. Rxa7 Rxe6 36. Rb7 Rd6 37. h3 e3 38. fxe3 fxe3 39. Re7 Re6 40. Rxe6+ Bxe6 41. g3 hxg3 42. Kg2 Bc4 43. Kxg3 e2 44. Kf2 Kf5 45. a4 Kf4 46. Ke1 Kg3 47. a5 bxa5 48. c3 a4 49. h4 a3 50. Kd2 a2 51. Ke3 a1=Q 52. Ke4 e1=Q+ 53. Kf5 Qf2+ 54. Kg6 Qa6+ 55. Kh7 Qf7+ 56. Kh8 Qa8# 0-1

[Event "Junior Online 4NCL Division 4"]
[Site "online"]
[Date "2021.09.30"]
[EventDate "2021.09.30"]
[Round "4.38"]
[White "Swartz, Edward RG"]
[WhiteElo "1013"]
[WhiteTeam "Young Dragons C"]
[Black "De Silva, Dylan"]
[BlackElo "962"]
[BlackTeam "Crowthorne Juniors"]
[Result "0-1"]
[PlyCount "32"]

1. e4 e5 2. Nf3 Nc6 3. Bc4 Bc5 4. c3 Nf6 5. d4 exd4 6. cxd4 Bb6 7. e5 Ng8 8. Ng5 Nh6 9. Be3 d5 10. exd6 Qxd6 11. d5 Bxe3 12. fxe3 Ne5 13. Bb3 Qb4+ 14. Nc3 Qh4+ 15. g3 Qxg5 16. Qd4 Nf3+ 0-1

[Event "Junior Online 4NCL Division 4"]
[Site "online"]
[Date "2021.09.30"]
[EventDate "2021.09.30"]
[Round "4.42"]
[White "Shetty, Ahan"]
[WhiteElo "1116"]
[WhiteTeam "Muswell Hill Knights"]
[Black "Arora, Bukkan"]
[BlackElo "1022"]
[BlackTeam "Surrey Kings 3"]
[Result "1-0"]
[PlyCount "27"]

1. d4 d5 2. c4 c6 3. Nc3 Nf6 4. Bg5 e5 5. dxe5 d4 6. exf6 dxc3 7. fxg7 cxb2 8. gxh8=Q bxa1=Q 9. Qdxa1 Qa5+ 10. Bd2 Na6 11. Bxa5 Bf5 12. Qae5+ Be6 13. Qd6 Rd8 14. Qhxf8# 1-0

[Event "Junior Online 4NCL Division 4"]
[Site "online"]
[Date "2021.09.30"]
[EventDate "2021.09.30"]
[Round "4.43"]
[White "Oâ€™Sullivan, Jack"]
[WhiteElo "978"]
[WhiteTeam "Surrey Kings 3"]
[Black "Crichton, Finlay"]
[BlackElo "1012"]
[BlackTeam "Muswell Hill Knights"]
[Result "0-1"]
[PlyCount "114"]

1. e4 e5 2. Nf3 Nc6 3. Bc4 Bc5 4. d3 Nf6 5. Nc3 d6 6. Bg5 h6 7. Bh4 g5 8. Bg3 Bg4 9. Qd2 Qe7 10. O-O-O O-O-O 11. h3 Bh5 12. Bh2 Nd4 13. g4 Nxf3 14. Qe2 Nxh2 15. Rxh2 Bg6 16. Nd5 Nxd5 17. Bxd5 f6 18. c3 Bf7 19. d4 Bb6 20. dxe5 dxe5 21. Bc4 Rxd1+ 22. Kxd1 Bxc4 23. Qxc4 Rd8+ 24. Kc2 Qc5 25. Qxc5 Bxc5 26. b4 Bb6 27. f3 Kd7 28. Rd2+ Ke7 29. Rxd8 Kxd8 30. a4 Be3 31. Kd3 Bf4 32. c4 Kd7 33. b5 Kd6 34. Kc3 Kc5 35. Kb3 b6 36. Kc3 Bg3 37. Kb3 Kd4 38. Kb4 Ke3 39. c5 bxc5+ 40. Kxc5 Kxf3 41. Kc6 Kxe4 42. Kxc7 Be1 43. Kb7 Kd5 44. Kxa7 e4 45. b6 Bg3 46. b7 e3 47. b8=Q Bxb8+ 48. Kxb8 e2 49. a5 e1=Q 50. a6 Qe8+ 51. Kb7 Qd7+ 52. Kb8 Qb5+ 53. Ka7 Kc6 54. h4 gxh4 55. g5 fxg5 56. Ka8 h3 57. a7 Qb7# 0-1

[Event "Junior Online 4NCL Division 4"]
[Site "online"]
[Date "2021.09.30"]
[EventDate "2021.09.30"]
[Round "4.46"]
[White "Arora, Bukkan"]
[WhiteElo "1022"]
[WhiteTeam "Surrey Kings 3"]
[Black "Shetty, Ahan"]
[BlackElo "1116"]
[BlackTeam "Muswell Hill Knights"]
[Result "0-1"]
[PlyCount "56"]

1. d4 Nf6 2. Nc3 e6 3. Bf4 d5 4. Nf3 g6 5. e3 Bg7 6. Bb5+ c6 7. Bd3 O-O 8. O-O Nbd7 9. Re1 Qb6 10. Rb1 a5 11. Be5 Nxe5 12. dxe5 Nd7 13. e4 Nxe5 14. exd5 Nxf3+ 15. Qxf3 cxd5 16. Nb5 Bd7 17. Nc3 Bc6 18. Bb5 Bxb5 19. Nxb5 Qxb5 20. Qa3 Rac8 21. c3 d4 22. cxd4 Bxd4 23. b3 Qc5 24. Rbc1 Qxa3 25. Rxc8 Rxc8 26. Rd1 Rc1 27. h3 Be5 28. Rxc1 Qxc1# 0-1

[Event "Junior Online 4NCL Division 4"]
[Site "online"]
[Date "2021.09.30"]
[EventDate "2021.09.30"]
[Round "4.47"]
[White "Crichton, Finlay"]
[WhiteElo "1012"]
[WhiteTeam "Muswell Hill Knights"]
[Black "Oâ€™Sullivan, Jack"]
[BlackElo "978"]
[BlackTeam "Surrey Kings 3"]
[Result "1-0"]
[PlyCount "107"]

1. e4 e6 2. d4 d5 3. exd5 exd5 4. Nc3 Bd6 5. Bd3 Ne7 6. Nf3 Bg4 7. Qe2 c6 8. Bg5 Nd7 9. h3 Bh5 10. g4 h6 11. Bxe7 Qxe7 12. Qxe7+ Bxe7 13. gxh5 O-O-O 14. O-O-O Bg5+ 15. Nd2 Rde8 16. Rde1 b5 17. Rxe8+ Rxe8 18. b3 a5 19. h4 Bf4 20. Ne2 Bxd2+ 21. Kxd2 g5 22. hxg5 hxg5 23. h6 Rh8 24. Ng3 a4 25. Ke3 axb3 26. cxb3 b4 27. Kf3 c5 28. dxc5 Nxc5 29. Bc2 d4 30. Kg4 f6 31. Kf5 d3 32. Bd1 Nd7 33. Kg6 d2 34. h7 Kd8 35. Kg7 Rf8 36. h8=Q Rxh8 37. Rxh8+ Ke7 38. Ra8 Ne5 39. Ra4 Nd3 40. Bc2 Nxf2 41. Rxb4 d1=Q 42. Bxd1 Nxd1 43. a4 Nc3 44. a5 Nd5 45. Ra4 Nc3 46. Ra1 Nb5 47. a6 Nd4 48. a7 Nxb3 49. Ra3 Nd4 50. a8=Q Ne6+ 51. Kh6 Kf7 52. Qb7+ Kg8 53. Ra8+ Nf8 54. Qg7# 1-0

[Event "Junior Online 4NCL Division 4"]
[Site "online"]
[Date "2021.09.30"]
[EventDate "2021.09.30"]
[Round "4.48"]
[White "Vynnytskyy, Maxim"]
[WhiteElo "1062"]
[WhiteTeam "Surrey Kings 3"]
[Black "Marks, Rory"]
[BlackElo "1059"]
[BlackTeam "Muswell Hill Knights"]
[Result "0-1"]
[PlyCount "34"]

1. e4 e5 2. Nf3 Nc6 3. Bc4 h6 4. d3 Nf6 5. Nc3 Bc5 6. Be3 Bxe3 7. fxe3 O-O 8. Nh4 d6 9. Nf5 Bxf5 10. exf5 Qd7 11. e4 Nd4 12. O-O Qc6 13. Qe1 Qb6 14. Qd1 Nxc2+ 15. Kh1 Qxb2 16. Nb5 Ne3 17. Rb1 Qxg2# 0-1

[Event "Junior Online 4NCL Division 4"]
[Site "online"]
[Date "2021.09.30"]
[EventDate "2021.09.30"]
[Round "4.51"]
[White "Quillaud, Maxime"]
[WhiteElo "1420"]
[WhiteTeam "Desert Penguins Jupiter"]
[Black "Jinturkar, Paras"]
[BlackElo "1000"]
[BlackTeam "KEGS C"]
[Result "1-0"]
[PlyCount "154"]

1. d4 Nf6 2. c4 g6 3. Nc3 Bg7 4. e4 d6 5. Nf3 O-O 6. Be2 c5 7. d5 e6 8. O-O e5 9. a3 b6 10. Bg5 h6 11. Be3 Ng4 12. Bd2 Nf6 13. Qc2 Bg4 14. b4 Bxf3 15. Bxf3 Na6 16. Rfb1 Nd7 17. Na4 f5 18. bxc5 Ndxc5 19. Nxc5 Nxc5 20. Be3 Qc7 21. Rb5 f4 22. Bxc5 dxc5 23. Rd1 a6 24. Rbb1 Qd6 25. Bg4 h5 26. Be6+ Kh7 27. Qb3 Rab8 28. a4 a5 29. Qf3 Qe7 30. Rb5 h4 31. Rdb1 Qd8 32. Qb3 f3 33. gxf3 Qg5+ 34. Kh1 h3 35. Rg1 Qd2 36. Bxh3 Qxf2 37. Bg2 Rf6 38. Qb2 Qe3 39. Qc1 Qd4 40. Rb2 Bh6 41. Qc2 Qe3 42. Rbb1 Qg5 43. Qe2 Qh5 44. Rbe1 Bf4 45. Bf1 Rg8 46. Qg2 g5 47. Be2 Qh6 48. Bd1 Qh5 49. Re2 Rh6 50. Ra2 Qh4 51. Rf1 Rh5 52. Rff2 Rg6 53. Bb3 Rgh6 54. Bd1 Bg3 55. Rfb2 Bf4 56. Rc2 Qe1+ 57. Qg1 Qxd1 58. Qxd1 g4 59. fxg4 Rg5 60. Qe2 Rgg6 61. Qg2 Kg7 62. Rf2 Be3 63. Rf5 Bf4 64. Rf2 Bg3 65. Qxg3 Rf6 66. Rxf6 Rxf6 67. Rxf6 Kxf6 68. g5+ Kg6 69. Qxe5 Kh5 70. Kg2 Kg6 71. Kg3 Kh5 72. h4 Kg6 73. Kg4 Kh7 74. h5 Kg8 75. g6 Kf8 76. h6 Kg8 77. Qg7# 1-0

[Event "Junior Online 4NCL Division 4"]
[Site "online"]
[Date "2021.09.30"]
[EventDate "2021.09.30"]
[Round "4.52"]
[White "Fernandes, Cleon"]
[WhiteElo "1000"]
[WhiteTeam "KEGS C"]
[Black "Tengayev, Arman"]
[BlackElo "1314"]
[BlackTeam "Desert Penguins Jupiter"]
[Result "0-1"]
[PlyCount "46"]

1. e4 c5 2. Nf3 d6 3. Bc4 e6 4. d3 Nf6 5. Bb5+ Nc6 6. Bxc6+ bxc6 7. Nc3 Bd7 8. e5 Nd5 9. Nxd5 cxd5 10. exd6 Bxd6 11. O-O O-O 12. d4 Qf6 13. dxc5 Bxc5 14. a3 Rab8 15. c3 Bd6 16. Qc2 Rfc8 17. Ng5 g6 18. Nf3 Bf4 19. Bxf4 Qxf4 20. g3 Qxf3 21. b4 Bc6 22. a4 d4 23. h4 Qg2# 0-1

[Event "Junior Online 4NCL Division 4"]
[Site "online"]
[Date "2021.09.30"]
[EventDate "2021.09.30"]
[Round "4.53"]
[White "Cleanis, Theo"]
[WhiteElo "1151"]
[WhiteTeam "Desert Penguins Jupiter"]
[Black "Bennett, Ben"]
[BlackElo "1004"]
[BlackTeam "KEGS C"]
[Result "1/2-1/2"]
[PlyCount "159"]

1. d4 d5 2. c4 dxc4 3. e3 Nc6 4. Bxc4 e6 5. Nc3 Nf6 6. Bd2 Be7 7. Nge2 O-O 8. O-O a6 9. a3 b5 10. Bb3 Bb7 11. Qc2 Ng4 12. f3 b4 13. fxg4 bxc3 14. Bxc3 Nb8 15. Ba5 Bd6 16. Rad1 Bxh2+ 17. Kxh2 Qh4+ 18. Kg1 Qxg4 19. Rf2 Nc6 20. Bxc7 Ne7 21. Bd6 Nf5 22. Bxf8 Nxe3 23. Qd2 Nxg2 24. Nc3 Ne3+ 25. Rg2 Bxg2 26. Qxe3 Bf3+ 27. Kf2 Qg2+ 28. Ke1 Bxd1 29. Bxd1 Rxf8 30. Qe2 Qg1+ 31. Qf1 Qxd4 32. Qxa6 Rd8 33. Qe2 Qg1+ 34. Qf1 Qg3+ 35. Qf2 Qe5+ 36. Qe2 Qxe2+ 37. Kxe2 Rb8 38. b3 h5 39. Kf2 g5 40. Kf3 g4+ 41. Kg3 Rc8 42. Na4 Rc1 43. Be2 Rb1 44. Bc4 Ra1 45. Kh4 Rxa3 46. Kxh5 g3 47. Nc3 g2 48. Ne2 Ra2 49. Ng1 Ra1 50. Kg4 Rxg1 51. Kf3 Rc1 52. Kxg2 Kg7 53. Kf3 e5 54. Ke4 f6 55. Kf5 Rc2 56. Ke4 Kg6 57. Ke3 f5 58. Kf3 Rxc4 59. bxc4 e4+ 60. Ke3 Kg5 61. c5 f4+ 62. Kxe4 Kg4 63. c6 f3 64. c7 f2 65. c8=Q+ Kg3 66. Qg8+ Kh2 67. Kf3 f1=Q+ 68. Ke3 Qc1+ 69. Ke4 Qc2+ 70. Ke5 Qb2+ 71. Kf5 Qc2+ 72. Kf6 Qc3+ 73. Kf7 Qf3+ 74. Kg7 Qg4+ 75. Kf7 Qf4+ 76. Kg7 Qc7+ 77. Kh8 Qe5+ 78. Qg7 Qh5+ 79. Qh7 Qxh7+ 80. Kxh7 1/2-1/2

[Event "Junior Online 4NCL Division 4"]
[Site "online"]
[Date "2021.09.30"]
[EventDate "2021.09.30"]
[Round "4.55"]
[White "Jinturkar, Paras"]
[WhiteElo "1000"]
[WhiteTeam "KEGS C"]
[Black "Quillaud, Maxime"]
[BlackElo "1420"]
[BlackTeam "Desert Penguins Jupiter"]
[Result "1-0"]
[PlyCount "62"]

1. e4 c5 2. Nf3 d6 3. d4 cxd4 4. Nxd4 Nf6 5. f3 a6 6. Nc3 e6 7. Be3 Be7 8. Na4 b5 9. Nc3 O-O 10. a4 b4 11. Na2 d5 12. c3 bxc3 13. Nxc3 Bb7 14. e5 Nfd7 15. a5 Nxe5 16. f4 Nec6 17. Nxc6 Nxc6 18. Bb6 Qd7 19. Bd3 Bd8 20. Bd4 Nxd4 21. Qh5 h6 22. g4 Nf3+ 23. Kf2 d4 24. Ne4 Nh4 25. g5 Nf5 26. gxh6 Nxh6 27. Rhg1 Nf5 28. Nc5 Qc6 29. Rxg7+ Kxg7 30. Rg1+ Kf6 31. Qg5# 1-0

[Event "Junior Online 4NCL Division 4"]
[Site "online"]
[Date "2021.09.30"]
[EventDate "2021.09.30"]
[Round "4.56"]
[White "Tengayev, Arman"]
[WhiteElo "1314"]
[WhiteTeam "Desert Penguins Jupiter"]
[Black "Fernandes, Cleon"]
[BlackElo "1000"]
[BlackTeam "KEGS C"]
[Result "1-0"]
[PlyCount "131"]

1. d4 d5 2. c4 dxc4 3. e3 h5 4. Bxc4 Bg4 5. Nf3 Bxf3 6. Qxf3 Nc6 7. Bb5 e5 8. Bxc6+ bxc6 9. Qxc6+ Ke7 10. Qc5+ Ke8 11. Qxe5+ Ne7 12. Bd2 f6 13. Qb5+ Kf7 14. Qc4+ Ke8 15. Bb4 Rb8 16. a3 Nd5 17. Bxf8 Rxf8 18. Qc2 c6 19. Nc3 Qa5 20. O-O Nxc3 21. Qxc3 Qxc3 22. bxc3 Rb2 23. Rab1 Ra2 24. Rb3 a5 25. Rfb1 a4 26. R3b2 Rxa3 27. Rc2 Kf7 28. g3 Kg8 29. Rbb2 Ra1+ 30. Kg2 a3 31. Ra2 Rxa2 32. Rxa2 Ra8 33. Kf3 f5 34. Kf4 g6 35. Ke5 Kf7 36. Kd6 Ra6 37. Kc5 Ke6 38. Kb4 Kd5 39. Rxa3 Rxa3 40. Kxa3 Kc4 41. Kb2 Kd3 42. Kb3 Kd2 43. Kc4 Kc2 44. Kb4 Kd3 45. c4 g5 46. Kc5 g4 47. Kxc6 Kxc4 48. d5 f4 49. exf4 Kd4 50. d6 h4 51. gxh4 g3 52. fxg3 Ke4 53. d7 Kf5 54. d8=Q Kg4 55. Qg8+ Kf3 56. Qb3+ Kg2 57. g4 Kxh2 58. Kd5 Kg2 59. Ke4 Kf2 60. f5 Ke2 61. g5 Kd2 62. f6 Kc1 63. Qa2 Kd1 64. f7 Kc1 65. f8=R Kd1 66. Rf1# 1-0

[Event "Junior Online 4NCL Division 4"]
[Site "online"]
[Date "2021.09.30"]
[EventDate "2021.09.30"]
[Round "4.57"]
[White "Bennett, Ben"]
[WhiteElo "1004"]
[WhiteTeam "KEGS C"]
[Black "Cleanis, Theo"]
[BlackElo "1151"]
[BlackTeam "Desert Penguins Jupiter"]
[Result "1-0"]
[PlyCount "77"]

1. e4 c5 2. Nc3 d6 3. f4 Nc6 4. Bc4 e6 5. Nf3 Nf6 6. O-O Be7 7. d3 Bd7 8. f5 exf5 9. Qe1 fxe4 10. dxe4 O-O 11. Qh4 Ng4 12. Qg3 Nb4 13. h3 Nf6 14. Qh4 Ng4 15. Qg3 Nf6 16. Nd5 Nfxd5 17. exd5 Nxc2 18. Rb1 Nb4 19. a3 Na6 20. Ng5 Bxg5 21. Bxg5 f6 22. Bf4 b5 23. Bd3 Bc8 24. Bxd6 Re8 25. Rf4 Qxd6 26. Bxh7+ Kxh7 27. Rh4+ Kg8 28. Qxd6 Bb7 29. Qg3 Bxd5 30. Rg4 Re7 31. Rf1 Be6 32. Rh4 Bc4 33. Rxf6 Nc7 34. Rg4 Nd5 35. Rfg6 Nf6 36. Rxg7+ Rxg7 37. Rxg7+ Kf8 38. Qg5 Ne8 39. Qe7# 1-0

[Event "Junior Online 4NCL Division 4"]
[Site "online"]
[Date "2021.09.30"]
[EventDate "2021.09.30"]
[Round "4.61"]
[White "Yarranton, Isaac"]
[WhiteElo "1000"]
[WhiteTeam "Edgware Gambits H"]
[Black "Marenduzzo, Ollie"]
[BlackElo "968"]
[BlackTeam "Lenzie Dementors"]
[Result "1-0"]
[PlyCount "91"]

1. d4 d5 2. Bf4 Bf5 3. Nc3 Nf6 4. e3 Nc6 5. Bb5 Qd7 6. Nf3 O-O-O 7. Ne5 Qe6 8. Nxc6 bxc6 9. Ba6+ Kd7 10. O-O Ne4 11. Nxe4 Bxe4 12. c4 dxc4 13. f3 Bd3 14. Re1 g6 15. b3 Bg7 16. bxc4 Bxc4 17. Bxc4 Qxc4 18. Rc1 Qxa2 19. Rc2 Qd5 20. Rc5 Qe6 21. Be5 Bxe5 22. Rxe5 Qd6 23. f4 Ke8 24. d5 cxd5 25. Qa4+ Kf8 26. Rc1 Rb8 27. Qd4 Qc6 28. Rxc6 Rb1+ 29. Kf2 f6 30. Rxd5 Kf7 31. Rxc7 Rhb8 32. Kf3 Rf1+ 33. Ke4 a5 34. Rxa5 Rfb1 35. Qd5+ Kf8 36. Raa7 R1b3 37. Rab7 Rb4+ 38. Kf3 R4xb7 39. Rxb7 Rxb7 40. Qxb7 Kf7 41. Qd5+ e6 42. Qd7+ Kg8 43. Qxe6+ Kg7 44. Qe7+ Kh6 45. Qxf6 Kh5 46. Qg5# 1-0